000 00425nam a2200145Ia 4500
008 090124s9999 xx 000 0 und d
082 _b6269
_a852
245 _a स्टालिनची रणगर्जना
250 _a1
260 _c1942
300 _a47
630 _a स्टालिनची रणगर्जना
730 _a स्टालिनची रणगर्जना
942 _cBOOK
999 _c120210
_d120210